Arcadia

Сохранить в:
Библиографические подробности
Главный автор: Vega, Lope de (Автор)
Формат:
Язык:испанский
Опубликовано: Madrid Castalia 1975
Серии:Clásicos Castalia
Предметы:
Метки: Добавить метку
Нет меток, Требуется 1-ая метка записи!

MARC

LEADER 00000nam a2200000 a 4500
001 UCQ5203
003 CL-VaPUC
008 980925e19750000SP |||||||||||||||||spa|d
082 0 4 |a 861  |b VEG  |2 21 
100 0 |a Vega, Lope de  |e author  |9 319628 
245 1 0 |a Arcadia 
300 |a 459 p 
942 |c BK 
945 |d 19980925 00:00:00  |a crobeson 
260 |a Madrid  |b Castalia  |c 1975 
650 0 |a Poesías españolas  |9 265100 
650 0 |a Literatura española  |9 306261 
583 |a last modification  |c 19980925 00:00:00  |k Rodrigo Vera 
490 0 |a Clásicos Castalia 
999 |c 275418  |d 275416 
952 |0 0  |1 0  |4 0  |6 861_000000000000000_VEG_1975  |7 0  |8 A  |9 312159  |a BIBEDU  |b BIBEDU  |d 2019-11-20  |i 1469088  |o 861 VEG 1975  |p 1469088  |r 2019-11-20  |w 2019-11-20  |y BK  |k LIT